Представление документа в формате RUSMARC

ПолеНазваниеЗначение
  Тип записи a
  Библиографический уровень m
001 Контрольный номер 50674bfb4bc7481dacf23f85c2a19b67
005 Дата корректировки 20260603150438.5
010 Индекс ISBN __
b Уточнения В пер.
9 Тираж 7000 экз.
100 Данные общей обработки __
a Данные общей обработки 20260603d2023 mk y0rusy028902 ca
101 Язык документа 0_
a Язык текста rus
102 Страна публикации __
a Страна публикации RU
105 Кодированные данные (монография) __
a Кодированные данные (монография) y z 000yy
181 Поле кодированных данных: вид содержания _0
a Код вида содержания (ISBD) i
182 Поле кодированных данных: тип средства _0
a Код типа средства (ISBD) n
200 Заглавие и сведения об ответственности 1_
a Заглавие Россия - Советский Союз, 1917-1945 гг.
203 Вид содержания и тип средства __
a Вид содержания Текст
c Тип средства непосредственный
210 Выходные данные 1_
d Дата издания 2023
215 Физическое описание __
a Объем 439 с.
d Формат 24 см
320 Библиография __
a Библиография Библиография: с. 423-425
333 Примечание о целевом назначении __
a Примечание о целевом назначении 16+. Для детей старше 16 лет
461 Уровень набора _0
1 700 1
a Спицын
g Евгений Юрьевич
f 1960-
1 2001
a Полный курс истории России для учителей, преподавателей и студентов
e [в 4 книгах]
f Е. Ю. Спицын
g [Московский государственный педагогический университет]
v Кн. 3
1 2101
a Москва
c Концептуал
d 2023
1 001f44c5a9580f84905a86537f9444025dd
1 203
a Текст
c непосредственный
606 Тематические рубрики __
2 Код системы nlr_sh
a Основная рубрика История
606 Тематические рубрики __
2 Код системы nlr_sh
a Основная рубрика История России в целом
606 Тематические рубрики __
2 Код системы nlr_sh
a Основная рубрика История России и СССР (октябрь 1917 - 1991 г.)
y Географическая подрубрика СССР
z Хронологическая подрубрика 20 в. 1-я пол.
610 Ключевые слова 0_
a Ключевые слова история России
610 Ключевые слова 0_
a Ключевые слова история СССР
610 Ключевые слова 0_
a Ключевые слова Февральская революция
610 Ключевые слова 0_
a Ключевые слова большевики
610 Ключевые слова 0_
a Ключевые слова Брестский мир
610 Ключевые слова 0_
a Ключевые слова Гражданская война
610 Ключевые слова 0_
a Ключевые слова новая экономическая политика
610 Ключевые слова 0_
a Ключевые слова НЭП
610 Ключевые слова 0_
a Ключевые слова внешняя политика СССР
610 Ключевые слова 0_
a Ключевые слова культура СССР
610 Ключевые слова 0_
a Ключевые слова Великая Отечественная война
610 Ключевые слова 0_
a Ключевые слова Вторая Мировая война
610 Ключевые слова 0_
a Ключевые слова политическая история
610 Ключевые слова 0_
a Ключевые слова экономическая история
686 Индексы других классификаций __
2 Код системы rubbks
a Классификационный индекс 63.3(2)
686 Индексы других классификаций __
2 Код системы rubbks
a Классификационный индекс 63.3(2)6
801 Источник записи _0
a Страна RU
b Организация Муниципальное бюджетное учреждение культуры "Централизованная библиотечная система" г. Сургут (Центральная городская библиотека им. А. С. Пушкина)
c Дата составления 20260603
g Правила каталогизации PSBO
801 Источник записи _1
a Страна RU
b Организация Муниципальное бюджетное учреждение культуры "Централизованная библиотечная система" г. Сургут (Центральная городская библиотека им. А. С. Пушкина)
c Дата составления 20260603
g Правила каталогизации PSBO
852 Данные о местонахождении __
i Авторский знак С 72
j Шифр хранения 63.3(2)
901 Тип документа __
t Тип документа n
w Контрольный № источника f44c5a9580f84905a86537f9444025dd
a Ответственный КиК/Обаева
901 Тип документа __
a Ответственный без партии
903 Характеристики (МАРС) __
c Наименование библиотеки (МАРС) Муниципальное бюджетное учреждение культуры "Централизованная библиотечная система" г. Сургут (Центральная городская библиотека им. А. С. Пушкина)
a Дата передачи 20260603
969 Тип издания __
a Тип издания Ф 26
a Тип издания научное издание